00673nam a2200181 a 4500003000200000005001700002008004100019050003400060100002100094245006300115260009300178300004100271504004100312650002900353650004000382650003200422650003700454020250303133608.0120724s19uu xx 00 eng d aPGS BF 723.S3.T46b.N991 2012 aNuyda, Rafael M. aExtent of self esteem and team sports /c Rafael M. Nuyda. aLas Piñas City, Philippines : bSouthville International School and Colleges, c2012. a36 pages billustrations ; c28 cm.  aIncludes bibliographical references. aSelf esteem in children. aTeam sportsvPsychological aspects. aSports and self-perception. aStudentsvPsychological aspects.